000 00642nam a2200253Ia 4500
001 37810
005 20240114001946.0
007 ta
008 070619s1951 g b000 u 465 u
040 _aCotton College,Assam
041 _a465
082 _a947
_bSt 47 T
100 _aStevens, Edmund.
245 0 _aThis is Russia Uncensored /
_cEdmund Stevens.
_hTextual Documents
250 _a1st ed. /
260 _aNew York :
_bEton Books, Inc. ,
_c1951.
300 _a214p. ;
_c18cm.
653 _aHistory-Russia
653 _aG-History
942 _2ddc
_cBK
999 _c37786
_d37786